| 000 | 00556nam a22002177a 4500 | ||
|---|---|---|---|
| 001 | BS2023000631 | ||
| 003 | BR-BrBNA | ||
| 005 | 20231214121138.0 | ||
| 008 | 231214b bl.||||| |||| 00| 0 por d | ||
| 040 |
_aBR-BrBNA _bpor |
||
| 041 | _apor | ||
| 072 | _aS84 | ||
| 100 |
_4aut. _aProust, Marcel _d1871-1922 |
||
| 245 |
_aNo caminho de Swan / _cMarcel Proust |
||
| 260 |
_aSão Paulo, SP : _bAbril Cultural, _c1982 |
||
| 300 | _a247 p. | ||
| 650 | _aROMANCE FRANCÊS | ||
| 909 |
_a202312 _bAna Lívia |
||
| 942 | _cBK | ||
| 999 |
_c260021 _d260021 |
||